000 00446pab a2200157 454500
008 180718b2002 xxu||||| |||| 00| 0 eng d
100 _aReddy, G. Narayana
245 _aEmpowering women through self-help groups and micro-credit: the case of NIRD action research projects
260 _c2002
300 _ap.511-35.
362 _aOct-Dec
650 _aSelf help
650 _aWomen
773 _aJournal of Rural Development
909 _a56035
999 _c56035
_d56035